000 01066nam a22002777a 4500
005 20100901114111.0
008 100901t xxu||||| |||| 00| 0 eng d
010 _aENG-101387
020 _a0198069669
_c350.00
035 _aEN-84920
037 _bDBAD/PUB
040 _aDpl
_bEng
082 _a327.2092
100 _aRana, Kishan S.
_917860
245 _aThe 21st century ambassador :
_bplenipotentiary to chief executive /
_cby Kishan S. Rana
246 _aTwentyfirst century ambassador
260 _aNew Delhi
_bOxford University Press
_c2010
270 _aYMCA Library Building, Jai Singh Road
_bNew Delhi
_e110001
300 _axxx,258p.
_c22cm (pbk)
500 _aIncludes bibliographical references (p. [248]-251) and index.
650 _aAmbassadors.
_917861
650 _aDiplomatic and consular service.
_917862
650 _aDiplomacy.
_917863
942 _2ddc
_cEN
_h327.2092
_mRAN
999 _c43314
_d43314